000 00451nam a2200181Ia 4500
005 20250603145934.0
008 250603s9999 xx 000 0 und d
020 _a9780415701235
050 _aPE 1479 .N48/
100 _aNeugeboren, Robert
245 4 _aThe student’s guide to writing economics
260 _aNew York
260 _bRoutledge taylor & francis group
260 _c2005
300 _a85 p
650 _aNew York
942 _cBK
999 _c43298
_d43298